Computers are your future 2005. (Record no. 4300)
[ view plain ]
| 000 -LEADER | |
|---|---|
| fixed length control field | 01423nac a22002291u 4500 |
| 010 ## - LIBRARY OF CONGRESS CONTROL NUMBER | |
| LC control number | 2005272113 |
| 020 ## - INTERNATIONAL STANDARD BOOK NUMBER | |
| International Standard Book Number | 0131139703 |
| 020 ## - INTERNATIONAL STANDARD BOOK NUMBER | |
| International Standard Book Number | 0131139703 |
| 020 ## - INTERNATIONAL STANDARD BOOK NUMBER | |
| International Standard Book Number | 0131273191 |
| 035 ## - SYSTEM CONTROL NUMBER | |
| System control number | (OCoLC)ocm56317524 |
| 082 00 - DEWEY DECIMAL CLASSIFICATION NUMBER | |
| Classification number | 004 |
| Item number | D141 |
| 090 ## - LOCALLY ASSIGNED LC-TYPE CALL NUMBER (OCLC); LOCAL CALL NUMBER (OCLC) | |
| -- | 4300 |
| -- | 4300 |
| 100 ## - MAIN ENTRY--PERSONAL NAME | |
| Personal name | Daley, William, |
| 245 10 - TITLE STATEMENT | |
| Title | Computers are your future 2005. |
| Name of part/section of a work | Complete edition / |
| Statement of responsibility, etc | Bill Daley. |
| 260 ## - PUBLICATION, DISTRIBUTION, ETC. (IMPRINT) | |
| Place of publication, distribution, etc | Upper Saddle River, NJ : |
| Name of publisher, distributor, etc | Pearson Prentice Hall, |
| Date of publication, distribution, etc | c2005. |
| 300 ## - PHYSICAL DESCRIPTION | |
| Extent | xxxi, 486 p., [74] p. : |
| Other physical details | col. ill. ; |
| Dimensions | 28 cm. |
| 500 ## - GENERAL NOTE | |
| General note | Includes index. |
| 505 0# - FORMATTED CONTENTS NOTE | |
| Formatted contents note | Computers, the Web & you -- Ethics -- System software: the operating environment -- Application software: tools for productivity -- Microsoft Office -- Inside the system unit -- Input/output and storage -- File management -- Networks: communicating and sharing resources -- The internet and World Wide Web -- Wired and wireless communications -- Buying and upgrading your computer system -- E-commerce, privacy, and security -- Databases and information systems -- Systems analysis and design -- Multimedia and virtual reality -- Programming languages and program development -- Careers and certification -- Enterprise computing -- Artificial intelligence and other emerging technologies. |
| 650 #0 - SUBJECT ADDED ENTRY--TOPICAL TERM | |
| Topical term or geographic name as entry element | Computers. |
| 942 ## - ADDED ENTRY ELEMENTS (KOHA) | |
| Item type | Book - Borrowing |
| Call number prefix | 004D141 |
| Withdrawn status | Item status | Damaged status | Not for loan | Home library | Current library | Shelving location | Date acquired | Source of acquisition | Total Checkouts | Full call number | Barcode | Date last seen | Date last borrowed | Koha item type |
|---|---|---|---|---|---|---|---|---|---|---|---|---|---|---|
| Central Library | Central Library | Lower Floor | 03/09/2007 | Purchase | 2 | 004 DAL | 000005249 | 15/07/2025 | 20/11/2016 | Book - Borrowing |